000 02599nam2a22003971 4500
001 v19\rc\1771395
005 20250619071134.0
035 _a(NLR Aleph) 004868806
090 _a5080427
_c5080427
100 _a20061204d1907 |||y0rusy50 ca
101 1 _arus
_ceng
102 _aRU
105 _ay z |||a|
200 1 _a[Поэмы и драмы. (1819-1822)]
_eМаскарад анархии; Письмо к Марии Джисборн; Волшебница Атласа; Эпипсихидион; Адонаис; Эллада; Отрывки неоконченной драмы; Карл Первый; Торжество жизни; Повествовательные отрывки; Статьи
_fПояснит. примеч. К.Д. Бальмонта
_gС прил. ст.: "Эдуард Даудэн. Очерк жизни Шелли"
210 _d1907
_aБ. м.
215 _a[8], 422, 24 с.
461 0 _1001v19\rc\1771392
_12001#$aПолное собрание сочинений, в переводе [и с предисл.] К.Д. Бальмонта$fШелли$vТ. 3
_1700#1$aШелли$bП.Б.$f1792-1822$gПерси Биши
_95080405
_aШелли, П.Б. (1792-1822)
_cСанкт-Петербург
_d1903-1907
_eНовое трехтом. перераб. изд. Т. 1-3
_fШелли
_nЗнание
_p3 т.
_tПолное собрание сочинений, в переводе [и с предисл.] К.Д. Бальмонта
_vТ. 3
464 0 _12001#$aМаскарад Анархии$aПисьмо к Марии Джисборн$aВолшебница Атласа$aЭпипсихидион$aАдонаис$aЭллада$aОтрывки неоконченной драмы$aКарл Первый$aТоржество жизни$aПовествовательные отрывки$aСтатьи
_tСтатьи
464 0 _12001#$aОчерк жизни Шелли
_1700#1$aДаудэн$bЭ.$f1843-1913$gЭдуард
_tОчерк жизни Шелли
_aДаудэн, Эдуард (1843-1913)
532 1 3 _aПоэмы и драмы.(1819-1822)]
702 1 _aБальмонт
_bК.Д.
_f1867-1942
_gКонстантин Дмитриевич
_4212
801 0 _aRU
_bNLR
_gpsbo
801 0 _aRU
_bRuMoRGB
_2psbo
801 1 _aRU
_bProSoft-M
_2rusmarc
852 _aNLR
_j38.71.7.30
852 _aNLR
_jЛ60/Б-5/8
899 _aRuMoRGB
_jU 145/35
899 _aRuMoRGB
_jU 165/10
899 _aRuMoRGB
_jT 75/16
899 _aRuMoRGB
_jРб 10/2730
899 _aRuMoRGB
_jМК
899 _aНБ СПбГУ
899 _aГПИБ
899 _aНБ МГУ
942 _cBOOK
980 _aNB